| 000 | 00355nam a2200145Ia 4500 | ||
|---|---|---|---|
| 008 | 230917s9999||||xx |||||||||||||| ||und|| | ||
| 040 |
_e194626 _aMAIN |
||
| 041 | _aEnglish | ||
| 082 | _a641.5954 D851I | ||
| 100 | _aDubey, Krishan Gopal | ||
| 245 | 0 | _aIndian cuisine | |
| 260 |
_aNew Delhi _bPHI Learning _c2011 |
||
| 300 | _axxi, 286 p. | ||
| 942 | _cBK | ||
| 999 |
_c164923 _d164923 |
||